Matematica Veloce - Moltiplicazione - Statistics

Statistiche generali
  • Questo quiz è stato fatto 2.196 volte
  • Il punteggio medio è 14 su 20
Statistiche sulle risposte
problema soluzione % Corretto
10 x 10 100
100%
51 x 2 102
100%
35 x 3 105
100%
53 x 2 106
100%
54 x 2 108
100%
11 x 10 110
100%
14 x 8 112
100%
57 x 2 114
100%
39 x 3 117
100%
59 x 2 118
100%
60 x 2 120
100%
40 x 3 120
100%
12 x 10 120
100%
63 x 2 126
100%
65 x 2 130
100%
67 x 2 134
100%
45 x 3 135
100%
68 x 2 136
100%
34 x 4 136
100%
69 x 2 138
100%
70 x 2 140
100%
47 x 3 141
100%
71 x 2 142
100%
72 x 2 144
100%
48 x 3 144
100%
18 x 8 144
100%
74 x 2 148
100%
75 x 2 150
100%
30 x 5 150
100%
15 x 10 150
100%
76 x 2 152
100%
77 x 2 154
100%
78 x 2 156
100%
39 x 4 156
100%
8 x 2 16
100%
4 x 4 16
100%
40 x 4 160
100%
32 x 5 160
100%
20 x 8 160
100%
82 x 2 164
100%
41 x 4 164
100%
83 x 2 166
100%
84 x 2 168
100%
42 x 4 168
100%
28 x 6 168
100%
21 x 8 168
100%
85 x 2 170
100%
34 x 5 170
100%
86 x 2 172
100%
87 x 2 174
100%
25 x 7 175
100%
9 x 2 18
100%
6 x 3 18
100%
90 x 2 180
100%
60 x 3 180
100%
91 x 2 182
100%
92 x 2 184
100%
62 x 3 186
100%
47 x 4 188
100%
95 x 2 190
100%
64 x 3 192
100%
65 x 3 195
100%
15 x 13 195
100%
49 x 4 196
100%
14 x 14 196
100%
22 x 9 198
100%
50 x 4 200
100%
40 x 5 200
100%
25 x 8 200
100%
52 x 4 208
100%
7 x 3 21
100%
70 x 3 210
100%
21 x 10 210
100%
54 x 4 216
100%
22 x 10 220
100%
20 x 11 220
100%
32 x 7 224
100%
46 x 5 230
100%
39 x 6 234
100%
26 x 9 234
100%
34 x 7 238
100%
12 x 2 24
100%
6 x 4 24
100%
24 x 10 240
100%
20 x 12 240
100%
22 x 11 242
100%
61 x 4 244
100%
5 x 5 25
100%
21 x 12 252
100%
85 x 3 255
100%
37 x 7 259
100%
26 x 10 260
100%
88 x 3 264
100%
38 x 7 266
100%
9 x 3 27
100%
90 x 3 270
100%
30 x 9 270
100%
92 x 3 276
100%
28 x 10 280
100%
95 x 3 285
100%
19 x 15 285
100%
41 x 7 287
100%
32 x 9 288
100%
58 x 5 290
100%
29 x 10 290
100%
98 x 3 294
100%
10 x 3 30
100%
6 x 5 30
100%
50 x 6 300
100%
30 x 10 300
100%
62 x 5 310
100%
8 x 4 32
100%
80 x 4 320
100%
37 x 9 333
100%
86 x 4 344
100%
58 x 6 348
100%
29 x 12 348
100%
7 x 5 35
100%
70 x 5 350
100%
50 x 7 350
100%
88 x 4 352
100%
32 x 11 352
100%
71 x 5 355
100%
18 x 2 36
100%
12 x 3 36
100%
9 x 4 36
100%
6 x 6 36
100%
90 x 4 360
100%
60 x 6 360
100%
40 x 9 360
100%
36 x 10 360
100%
61 x 6 366
100%
92 x 4 368
100%
63 x 6 378
100%
19 x 2 38
100%
48 x 8 384
100%
35 x 11 385
100%
39 x 10 390
100%
66 x 6 396
100%
33 x 12 396
100%
2 x 2 4
100%
10 x 4 40
100%
80 x 5 400
100%
40 x 10 400
100%
82 x 5 410
100%
41 x 10 410
100%
52 x 8 416
100%
14 x 3 42
100%
30 x 14 420
100%
22 x 2 44
100%
55 x 8 440
100%
40 x 11 440
100%
15 x 3 45
100%
9 x 5 45
100%
90 x 5 450
100%
50 x 9 450
100%
25 x 18 450
100%
65 x 7 455
100%
92 x 5 460
100%
46 x 10 460
100%
23 x 20 460
100%
93 x 5 465
100%
12 x 4 48
100%
48 x 10 480
100%
44 x 11 484
100%
54 x 9 486
100%
7 x 7 49
100%
50 x 10 500
100%
9 x 6 54
100%
54 x 10 540
100%
68 x 8 544
100%
11 x 5 55
100%
55 x 10 550
100%
50 x 11 550
100%
69 x 8 552
100%
14 x 4 56
100%
56 x 10 560
100%
54 x 11 594
100%
85 x 7 595
100%
3 x 2 6
100%
12 x 5 60
100%
10 x 6 60
100%
31 x 2 62
100%
21 x 3 63
100%
9 x 7 63
100%
8 x 8 64
100%
33 x 2 66
100%
11 x 6 66
100%
35 x 2 70
100%
14 x 5 70
100%
10 x 7 70
100%
26 x 3 78
100%
20 x 4 80
100%
10 x 8 80
100%
27 x 3 81
100%
17 x 5 85
100%
44 x 2 88
100%
3 x 3 9
100%
30 x 3 90
100%
18 x 5 90
100%
15 x 6 90
100%
10 x 9 90
100%
13 x 7 91
100%
31 x 3 93
100%
32 x 3 96
100%
12 x 8 96
100%
33 x 3 99
100%
29 x 2 58
92%
38 x 2 76
91%
41 x 2 82
91%
24 x 4 96
91%
43 x 5 215
90%
73 x 4 292
90%
52 x 6 312
90%
51 x 10 510
90%
30 x 20 600
90%
12 x 6 72
90%
58 x 2 116
89%
25 x 5 125
89%
12 x 12 144
89%
54 x 3 162
89%
55 x 3 165
89%
20 x 9 180
89%
27 x 9 243
89%
35 x 7 245
89%
20 x 16 320
89%
33 x 10 330
89%
67 x 5 335
89%
73 x 6 438
89%
89 x 5 445
89%
45 x 10 450
89%
99 x 5 495
89%
45 x 11 495
89%
42 x 2 84
89%
43 x 2 86
89%
5 x 2 10
88%
25 x 4 100
88%
26 x 4 104
88%
6 x 2 12
88%
43 x 3 129
88%
56 x 3 168
88%
35 x 5 175
88%
18 x 10 180
88%
42 x 5 210
88%
50 x 5 250
88%
52 x 5 260
88%
21 x 13 273
88%
76 x 5 380
88%
20 x 19 380
88%
20 x 20 400
88%
24 x 2 48
88%
40 x 12 480
88%
19 x 3 57
88%
20 x 3 60
88%
40 x 15 600
88%
37 x 2 74
88%
4 x 2 8
88%
22 x 4 88
88%
11 x 9 99
88%
31 x 9 279
87%
52 x 2 104
86%
15 x 7 105
86%
28 x 4 112
86%
30 x 4 120
86%
62 x 2 124
86%
32 x 4 128
86%
46 x 3 138
86%
24 x 6 144
86%
33 x 5 165
86%
14 x 12 168
86%
46 x 4 184
86%
19 x 10 190
86%
39 x 5 195
86%
67 x 3 201
86%
72 x 3 216
86%
57 x 4 228
86%
30 x 8 240
86%
20 x 13 260
86%
19 x 14 266
86%
72 x 4 288
86%
48 x 6 288
86%
60 x 5 300
86%
42 x 8 336
86%
85 x 4 340
86%
39 x 9 351
86%
50 x 8 400
86%
58 x 7 406
86%
53 x 8 424
86%
83 x 6 498
86%
58 x 9 522
86%
40 x 14 560
86%
64 x 9 576
86%
32 x 2 64
86%
22 x 3 66
86%
36 x 2 72
86%
15 x 5 75
86%
11 x 7 77
86%
39 x 2 78
86%
9 x 9 81
86%
20 x 5 100
83%
55 x 2 110
83%
37 x 3 111
83%
22 x 6 132
83%
14 x 10 140
83%
50 x 3 150
83%
79 x 2 158
83%
80 x 2 160
83%
93 x 2 186
83%
63 x 3 189
83%
24 x 8 192
83%
24 x 9 216
83%
25 x 9 225
83%
15 x 15 225
83%
67 x 4 268
83%
94 x 3 282
83%
15 x 2 30
83%
44 x 7 308
83%
31 x 10 310
83%
26 x 12 312
83%
35 x 10 350
83%
45 x 8 360
83%
55 x 7 385
83%
37 x 11 407
83%
41 x 11 451
83%
47 x 10 470
83%
23 x 21 483
83%
25 x 2 50
83%
24 x 21 504
83%
47 x 11 517
83%
40 x 13 520
83%
27 x 2 54
83%
18 x 3 54
83%
91 x 6 546
83%
70 x 8 560
83%
57 x 10 570
83%
96 x 6 576
83%
59 x 10 590
83%
23 x 3 69
83%
13 x 6 78
83%
45 x 2 90
83%
48 x 2 96
83%
53 x 4 212
82%
33 x 9 297
82%
34 x 3 102
80%
18 x 6 108
80%
4 x 3 12
80%
61 x 2 122
80%
41 x 3 123
80%
66 x 2 132
80%
33 x 4 132
80%
17 x 8 136
80%
28 x 5 140
80%
17 x 9 153
80%
52 x 3 156
80%
88 x 2 176
80%
22 x 8 176
80%
16 x 11 176
80%
94 x 2 188
80%
99 x 2 198
80%
5 x 4 20
80%
34 x 6 204
80%
35 x 6 210
80%
31 x 7 217
80%
55 x 4 220
80%
23 x 10 230
80%
81 x 3 243
80%
83 x 3 249
80%
63 x 4 252
80%
64 x 4 256
80%
27 x 10 270
80%
7 x 4 28
80%
51 x 6 306
80%
65 x 5 325
80%
38 x 9 342
80%
20 x 18 360
80%
43 x 9 387
80%
13 x 3 39
80%
20 x 2 40
80%
8 x 5 40
80%
21 x 2 42
80%
42 x 10 420
80%
11 x 4 44
80%
26 x 17 442
80%
75 x 6 450
80%
52 x 9 468
80%
25 x 19 475
80%
70 x 7 490
80%
49 x 10 490
80%
86 x 6 516
80%
26 x 20 520
80%
29 x 18 522
80%
38 x 14 532
80%
95 x 6 570
80%
30 x 19 570
80%
65 x 9 585
80%
60 x 10 600
80%
9 x 8 72
80%
23 x 4 92
80%
22 x 7 154
78%
44 x 4 176
78%
30 x 6 180
78%
21 x 9 189
78%
98 x 2 196
78%
15 x 14 210
78%
73 x 3 219
78%
47 x 6 282
78%
61 x 5 305
78%
11 x 3 33
78%
89 x 4 356
78%
61 x 7 427
78%
24 x 19 456
78%
16 x 3 48
78%
49 x 2 98
78%
20 x 10 200
77%
8 x 3 24
77%
50 x 2 100
75%
21 x 5 105
75%
27 x 4 108
75%
12 x 9 108
75%
17 x 7 119
75%
31 x 4 124
75%
42 x 3 126
75%
27 x 5 135
75%
20 x 7 140
75%
25 x 6 150
75%
51 x 3 153
75%
31 x 5 155
75%
13 x 12 156
75%
89 x 2 178
75%
37 x 5 185
75%
66 x 3 198
75%
10 x 2 20
75%
41 x 5 205
75%
30 x 7 210
75%
71 x 3 213
75%
17 x 13 221
75%
58 x 4 232
75%
80 x 3 240
75%
40 x 6 240
75%
62 x 4 248
75%
25 x 10 250
75%
51 x 5 255
75%
13 x 2 26
75%
89 x 3 267
75%
70 x 4 280
75%
20 x 14 280
75%
20 x 15 300
75%
29 x 11 319
75%
64 x 5 320
75%
40 x 8 320
75%
41 x 8 328
75%
21 x 16 336
75%
20 x 17 340
75%
31 x 11 341
75%
72 x 5 360
75%
30 x 12 360
75%
73 x 5 365
75%
37 x 10 370
75%
62 x 6 372
75%
42 x 9 378
75%
24 x 16 384
75%
57 x 7 399
75%
46 x 9 414
75%
43 x 10 430
75%
31 x 14 434
75%
63 x 7 441
75%
34 x 13 442
75%
66 x 7 462
75%
36 x 13 468
75%
80 x 6 480
75%
97 x 5 485
75%
81 x 6 486
75%
10 x 5 50
75%
46 x 11 506
75%
13 x 4 52
75%
44 x 12 528
75%
72 x 8 576
75%
29 x 20 580
75%
53 x 11 583
75%
31 x 19 589
75%
99 x 6 594
75%
50 x 12 600
75%
16 x 4 64
75%
34 x 2 68
75%
17 x 4 68
75%
40 x 2 80
75%
14 x 6 84
75%
12 x 7 84
75%
16 x 7 112
73%
49 x 3 147
73%
57 x 3 171
73%
28 x 7 196
73%
39 x 7 273
73%
59 x 7 413
73%
80 x 7 560
73%
17 x 6 102
71%
13 x 8 104
71%
23 x 5 115
71%
20 x 6 120
71%
11 x 11 121
71%
7 x 2 14
71%
13 x 11 143
71%
14 x 11 154
71%
17 x 10 170
71%
59 x 3 177
71%
31 x 6 186
71%
38 x 5 190
71%
68 x 3 204
71%
16 x 16 256
71%
71 x 4 284
71%
76 x 4 304
71%
38 x 8 304
71%
34 x 9 306
71%
35 x 9 315
71%
84 x 4 336
71%
17 x 2 34
71%
38 x 10 380
71%
78 x 5 390
71%
51 x 8 408
71%
96 x 5 480
71%
22 x 22 484
71%
42 x 12 504
71%
36 x 15 540
71%
27 x 20 540
71%
8 x 7 56
71%
15 x 4 60
71%
25 x 3 75
71%
28 x 3 84
71%
11 x 8 88
71%
14 x 7 98
71%
19 x 9 171
70%
36 x 5 180
70%
19 x 11 209
70%
33 x 8 264
70%
24 x 12 288
70%
47 x 7 329
70%
49 x 7 343
70%
22 x 17 374
70%
22 x 20 440
70%
49 x 9 441
70%
60 x 8 480
70%
55 x 9 495
70%
30 x 2 60
70%
93 x 4 372
69%
38 x 3 114
67%
19 x 6 114
67%
13 x 9 117
67%
15 x 8 120
67%
29 x 5 145
67%
73 x 2 146
67%
5 x 3 15
67%
53 x 3 159
67%
16 x 10 160
67%
18 x 9 162
67%
24 x 7 168
67%
58 x 3 174
67%
26 x 7 182
67%
61 x 3 183
67%
32 x 6 192
67%
16 x 12 192
67%
97 x 2 194
67%
33 x 6 198
67%
36 x 6 216
67%
27 x 8 216
67%
18 x 12 216
67%
74 x 3 222
67%
75 x 3 225
67%
45 x 5 225
67%
33 x 7 231
67%
79 x 3 237
67%
16 x 15 240
67%
49 x 5 245
67%
82 x 3 246
67%
41 x 6 246
67%
31 x 8 248
67%
28 x 9 252
67%
23 x 11 253
67%
17 x 15 255
67%
43 x 6 258
67%
53 x 5 265
67%
45 x 6 270
67%
69 x 4 276
67%
23 x 12 276
67%
26 x 11 286
67%
74 x 4 296
67%
99 x 3 297
67%
23 x 13 299
67%
78 x 4 312
67%
39 x 8 312
67%
53 x 6 318
67%
16 x 2 32
67%
46 x 7 322
67%
81 x 4 324
67%
66 x 5 330
67%
34 x 10 340
67%
22 x 16 352
67%
59 x 6 354
67%
51 x 7 357
67%
24 x 15 360
67%
74 x 5 370
67%
95 x 4 380
67%
30 x 13 390
67%
49 x 8 392
67%
34 x 12 408
67%
69 x 6 414
67%
83 x 5 415
67%
7 x 6 42
67%
60 x 7 420
67%
21 x 20 420
67%
85 x 5 425
67%
48 x 9 432
67%
44 x 10 440
67%
21 x 21 441
67%
56 x 8 448
67%
28 x 16 448
67%
57 x 8 456
67%
23 x 2 46
67%
31 x 15 465
67%
78 x 6 468
67%
31 x 16 496
67%
72 x 7 504
67%
63 x 8 504
67%
56 x 9 504
67%
17 x 3 51
67%
73 x 7 511
67%
26 x 2 52
67%
48 x 11 528
67%
53 x 10 530
67%
30 x 18 540
67%
92 x 6 552
67%
62 x 9 558
67%
81 x 7 567
67%
52 x 11 572
67%
83 x 7 581
67%
97 x 6 582
67%
39 x 15 585
67%
75 x 8 600
67%
24 x 3 72
67%
18 x 4 72
67%
16 x 5 80
67%
29 x 3 87
67%
47 x 2 94
67%
37 x 4 148
64%
44 x 5 220
64%
84 x 3 252
64%
56 x 6 336
64%
86 x 5 430
64%
76 x 6 456
64%
98 x 5 490
64%
56 x 2 112
63%
29 x 4 116
63%
26 x 5 130
63%
15 x 12 180
63%
27 x 7 189
63%
27 x 11 297
63%
45 x 7 315
63%
21 x 15 315
63%
57 x 6 342
63%
75 x 5 375
63%
97 x 4 388
63%
85 x 6 510
63%
30 x 17 510
63%
64 x 8 512
63%
49 x 11 539
63%
29 x 19 551
63%
21 x 4 84
63%
24 x 5 120
60%
14 x 9 126
60%
35 x 4 140
60%
36 x 4 144
60%
16 x 9 144
60%
26 x 6 156
60%
43 x 4 172
60%
48 x 4 192
60%
23 x 9 207
60%
28 x 8 224
60%
77 x 3 231
60%
47 x 5 235
60%
59 x 4 236
60%
60 x 4 240
60%
86 x 3 258
60%
54 x 5 270
60%
56 x 5 280
60%
97 x 3 291
60%
82 x 4 328
60%
87 x 4 348
60%
54 x 7 378
60%
64 x 6 384
60%
22 x 18 396
60%
25 x 16 400
60%
45 x 9 405
60%
38 x 11 418
60%
70 x 6 420
60%
62 x 7 434
60%
87 x 5 435
60%
64 x 7 448
60%
67 x 7 469
60%
94 x 5 470
60%
43 x 11 473
60%
95 x 5 475
60%
41 x 12 492
60%
25 x 21 525
60%
79 x 7 553
60%
28 x 2 56
60%
51 x 11 561
60%
58 x 10 580
60%
13 x 5 65
60%
51 x 4 204
58%
16 x 8 128
57%
23 x 6 138
57%
27 x 6 162
57%
13 x 13 169
57%
48 x 5 240
57%
65 x 4 260
57%
44 x 6 264
57%
91 x 3 273
57%
57 x 5 285
57%
37 x 8 296
57%
25 x 12 300
57%
63 x 5 315
57%
55 x 6 330
57%
83 x 4 332
57%
19 x 19 361
57%
46 x 8 368
57%
81 x 5 405
57%
23 x 18 414
57%
36 x 12 432
57%
35 x 13 455
57%
69 x 7 483
57%
62 x 8 496
57%
34 x 15 510
57%
57 x 9 513
57%
90 x 6 540
57%
61 x 9 549
57%
28 x 20 560
57%
71 x 8 568
57%
66 x 9 594
57%
46 x 2 92
57%
21 x 11 231
56%
66 x 4 264
56%
96 x 3 288
56%
30 x 11 330
56%
41 x 9 369
56%
21 x 18 378
56%
77 x 5 385
56%
54 x 8 432
56%
58 x 8 464
56%
87 x 6 522
56%
75 x 7 525
56%
45 x 12 540
55%
64 x 2 128
50%
44 x 3 132
50%
12 x 11 132
50%
19 x 7 133
50%
19 x 8 152
50%
15 x 11 165
50%
29 x 6 174
50%
45 x 4 180
50%
14 x 13 182
50%
96 x 2 192
50%
26 x 8 208
50%
11 x 2 22
50%
37 x 6 222
50%
56 x 4 224
50%
76 x 3 228
50%
38 x 6 228
50%
78 x 3 234
50%
42 x 6 252
50%
36 x 7 252
50%
32 x 8 256
50%
87 x 3 261
50%
29 x 9 261
50%
24 x 11 264
50%
22 x 12 264
50%
34 x 8 272
50%
25 x 11 275
50%
46 x 6 276
50%
14 x 2 28
50%
40 x 7 280
50%
35 x 8 280
50%
36 x 8 288
50%
59 x 5 295
50%
75 x 4 300
50%
28 x 11 308
50%
32 x 10 320
50%
23 x 14 322
50%
19 x 17 323
50%
54 x 6 324
50%
68 x 5 340
50%
23 x 15 345
50%
25 x 14 350
50%
27 x 13 351
50%
52 x 7 364
50%
25 x 15 375
50%
94 x 4 376
50%
98 x 4 392
50%
79 x 5 395
50%
44 x 9 396
50%
36 x 11 396
50%
21 x 19 399
50%
31 x 13 403
50%
27 x 15 405
50%
68 x 6 408
50%
22 x 19 418
50%
84 x 5 420
50%
35 x 12 420
50%
47 x 9 423
50%
39 x 11 429
50%
33 x 13 429
50%
72 x 6 432
50%
24 x 18 432
50%
88 x 5 440
50%
37 x 12 444
50%
51 x 9 459
50%
33 x 14 462
50%
26 x 18 468
50%
53 x 9 477
50%
24 x 20 480
50%
33 x 15 495
50%
71 x 7 497
50%
25 x 20 500
50%
32 x 16 512
50%
27 x 19 513
50%
43 x 12 516
50%
52 x 10 520
50%
76 x 7 532
50%
60 x 9 540
50%
78 x 7 546
50%
25 x 22 550
50%
46 x 12 552
50%
93 x 6 558
50%
31 x 18 558
50%
63 x 9 567
50%
32 x 18 576
50%
73 x 8 584
50%
84 x 7 588
50%
27 x 22 594
50%
19 x 4 76
50%
19 x 5 95
50%
16 x 6 96
50%
15 x 9 135
45%
27 x 12 324
45%
18 x 16 288
44%
43 x 7 301
44%
30 x 15 450
44%
42 x 11 462
44%
32 x 15 480
44%
74 x 8 592
44%
37 x 16 592
44%
81 x 2 162
43%
21 x 14 294
43%
34 x 11 374
43%
99 x 4 396
43%
23 x 19 437
43%
24 x 22 528
43%
59 x 9 531
43%
67 x 8 536
43%
18 x 15 270
42%
91 x 4 364
42%
22 x 5 110
40%
18 x 7 126
40%
23 x 7 161
40%
17 x 11 187
40%
17 x 12 204
40%
69 x 3 207
40%
18 x 17 306
40%
77 x 4 308
40%
28 x 12 336
40%
69 x 5 345
40%
26 x 14 364
40%
67 x 6 402
40%
22 x 21 462
40%
8 x 6 48
40%
74 x 7 518
40%
35 x 15 525
40%
23 x 23 529
40%
43 x 13 559
40%
47 x 12 564
40%
36 x 16 576
40%
98 x 6 588
40%
35 x 17 595
40%
46 x 13 598
40%
19 x 12 228
38%
36 x 9 324
38%
18 x 18 324
38%
22 x 15 330
38%
26 x 15 390
38%
74 x 6 444
38%
38 x 12 456
38%
28 x 17 476
38%
35 x 16 560
38%
41 x 14 574
38%
33 x 18 594
38%
19 x 18 342
36%
31 x 17 527
36%
23 x 8 184
33%
16 x 13 208
33%
16 x 14 224
33%
29 x 8 232
33%
68 x 4 272
33%
79 x 4 316
33%
44 x 8 352
33%
33 x 11 363
33%
28 x 13 364
33%
53 x 7 371
33%
47 x 8 376
33%
32 x 12 384
33%
28 x 15 420
33%
71 x 6 426
33%
29 x 15 435
33%
59 x 8 472
33%
79 x 6 474
33%
30 x 16 480
33%
37 x 13 481
33%
84 x 6 504
33%
23 x 22 506
33%
37 x 14 518
33%
88 x 6 528
33%
66 x 8 528
33%
89 x 6 534
33%
32 x 17 544
33%
24 x 23 552
33%
42 x 14 588
33%
17 x 17 289
30%
65 x 6 390
30%
28 x 14 392
30%
44 x 13 572
30%
22 x 13 286
29%
25 x 17 425
29%
77 x 6 462
29%
82 x 6 492
29%
33 x 16 528
29%
39 x 14 546
29%
45 x 13 585
29%
37 x 15 555
27%
21 x 6 126
25%
21 x 7 147
25%
18 x 14 252
25%
93 x 3 279
25%
26 x 13 338
25%
29 x 13 377
25%
27 x 14 378
25%
96 x 4 384
25%
23 x 17 391
25%
56 x 7 392
25%
27 x 17 459
25%
68 x 7 476
25%
27 x 18 486
25%
29 x 17 493
25%
26 x 19 494
25%
36 x 14 504
25%
39 x 13 507
25%
28 x 19 532
25%
42 x 13 546
25%
26 x 21 546
25%
94 x 6 564
25%
38 x 15 570
25%
25 x 23 575
25%
28 x 21 588
25%
24 x 17 408
22%
82 x 7 574
22%
13 x 10 130
20%
17 x 14 238
20%
42 x 7 294
20%
24 x 13 312
20%
91 x 5 455
20%
48 x 12 576
20%
55 x 5 275
17%
49 x 6 294
17%
24 x 14 336
17%
35 x 14 490
17%
34 x 17 578
17%
22 x 14 308
14%
43 x 8 344
14%
29 x 16 464
14%
28 x 18 504
14%
24 x 24 576
14%
26 x 23 598
14%
25 x 24 600
14%
34 x 16 544
13%
29 x 14 406
10%
36 x 3 108
0%
38 x 4 152
0%
18 x 11 198
0%
29 x 7 203
0%
18 x 13 234
0%
19 x 13 247
0%
17 x 16 272
0%
19 x 16 304
0%
25 x 13 325
0%
48 x 7 336
0%
21 x 17 357
0%
23 x 16 368
0%
31 x 12 372
0%
32 x 13 416
0%
26 x 16 416
0%
27 x 16 432
0%
32 x 14 448
0%
39 x 12 468
0%
34 x 14 476
0%
61 x 8 488
0%
38 x 13 494
0%
65 x 8 520
0%
41 x 13 533
0%
77 x 7 539
0%
33 x 17 561
0%
27 x 21 567
0%
26 x 22 572
0%
49 x 12 588
0%
Nessun quiz corrispondente trovato
Distribuzione punteggi
Percentuale di utenti per punteggio
Percentile per numero di risposta
I tuoi punteggi nel tempo
Non hai fatto questo quiz